Central Library OPAC University of Rajshahi

The left leg / (Record no. 19237)

MARC details
000 -LEADER
fixed length control field 00742nam a22002651 4500
001 - CONTROL NUMBER
control field 19237
003 - CONTROL NUMBER IDENTIFIER
rucl marc code BD-RjUL
005 - DATE AND TIME OF LATEST TRANSACTION
control field 20211209000414.0
008 - FIXED-LENGTH DATA ELEMENTS--GENERAL INFORMATION
fixed length control field 860407s1923 nyu 000 0 eng d
035 ## - SYSTEM CONTROL NUMBER
System control number (OCoLC)1300030
System control number (OCoLC)ocm01300030
System control number (CStRLIN)NYCG86-B35706
System control number (BD-RjUL)19295
System control number (BD-RjUL)19295
040 ## - CATALOGING SOURCE
Transcribing agency OKentU
Modifying agency NNU
-- CStRLIN
-- NNC
Original cataloging agency BD-RjUL
Language of cataloging eng
041 ## - LANGUAGE CODE
Language code of text/sound track or separate title eng
082 ## - DEWEY DECIMAL CLASSIFICATION NUMBER
Classification number 823.9
Author mark and year POL 1968
100 1# - MAIN ENTRY--PERSONAL NAME
Personal name Powys, T.F.
Dates associated with a name 1875-1953.
Fuller form of name Powys, Theodore Francis,
9 (RLIN) 59185
245 14 - TITLE STATEMENT
Title The left leg /
Statement of responsibility, etc. by T. F. Powys.
260 ## - PUBLICATION, DISTRIBUTION, ETC. (IMPRINT)
Place of publication, distribution, etc. New York :
Name of publisher, distributor, etc. A. A. Knopf,
Date of publication, distribution, etc. 1968.
300 ## - PHYSICAL DESCRIPTION
Pagination [6], 311 p. :
Size 20 cm.
942 ## - ADDED ENTRY ELEMENTS (KOHA)
Source of classification or shelving scheme Dewey Decimal Classification
Koha item type Books
Holdings
Lost status Source of classification or shelving scheme Damaged status Not for loan Collection code Permanent Location Current Location Shelving location Date acquired Source of acquisition Cost, normal purchase price Total Checkouts Full call number Date last seen Copy number Koha item type
  Dewey Decimal Classification   Not For Loan Fiction Central Library, University of Rajshahi Central Library, University of Rajshahi Reading Room 03/12/1970 Sweet & Zeither 0.00   823.9 POL 1968 23/02/2014 C-1 Books